Chelsea skład 21/22 - Statystyki

Ogólne statystyki
  • Ten quiz został rozwiązany 651 razy
    570 od ostatniego zresetowania
  • Średni wynik to 16 z 27
Statystyki odpowiedzi
Pozycja Zawodnik % Poprawnych
Bramkarz Mendy
95%
Pomocnik Havertz
85%
Pomocnik Kante
83%
Napastnik Werner
83%
Pomocnik Mount
81%
Obrońca James
80%
Obrońca Rudiger
79%
Obrońca Silva
79%
Napastnik Lukaku
75%
Obrońca Azpilicueta
72%
Pomocnik Jorginho
70%
Bramkarz Arrizabalaga
69%
Obrońca Chilwell
68%
Napastnik Pulisic
68%
Pomocnik Kovacic
67%
Obrońca Alonso
66%
Obrońca Christensen
60%
Pomocnik Ziyech
58%
Obrońca Chalobah
53%
Napastnik Hudson-Odoi
47%
Pomocnik Loftus-Cheek
47%
Bramkarz Bettinelli
37%
Obrońca Sarr
36%
Pomocnik Barkley
30%
Pomocnik Niguez
17%
Pomocnik Kenedy
16%
Pomocnik Musonda
9%
Nie znaleziono quizów pasujących do podanych kryteriów
Rozkład punktacji
Procent ludzi z każdym wynikiem
Percentyl według liczby udzielonych odpowiedzi
Twoja historia wyników
Nie rozwiązałeś tego quizu od ostatniego zresetowania